Welcome to CU Library Online Public Access Catalogue (OPAC)

The English legal system / (Record no. 3920)

MARC details
000 -LEADER
fixed length control field 00675nam a2200241 a 4500
001 - CONTROL NUMBER
control field 3775384
005 - DATE AND TIME OF LATEST TRANSACTION
control field 20250217195533.0
008 - FIXED-LENGTH DATA ELEMENTS--GENERAL INFORMATION
fixed length control field 840731s1982 enk b 001 0 eng
020 ## - INTERNATIONAL STANDARD BOOK NUMBER
International Standard Book Number 0421275707
020 ## - INTERNATIONAL STANDARD BOOK NUMBER
International Standard Book Number 0421275804 (pbk.)
050 00 - LIBRARY OF CONGRESS CALL NUMBER
Classification number KD7325
Item number .E32 1982
082 00 - DEWEY DECIMAL CLASSIFICATION NUMBER
Classification number 347.42
-- 344.207
Edition information 19
100 1# - MAIN ENTRY--PERSONAL NAME
Personal name Eddey, Keith James.
245 14 - TITLE STATEMENT
Title The English legal system /
Statement of responsibility, etc. by K.J. Eddey.
250 ## - EDITION STATEMENT
Edition statement 3rd ed.
260 ## - PUBLICATION, DISTRIBUTION, ETC.
Place of publication, distribution, etc. London :
Name of publisher, distributor, etc. Sweet & Maxwell,
Date of publication, distribution, etc. 1982.
300 ## - PHYSICAL DESCRIPTION
Extent xv, 191 p. ;
Dimensions 23 cm.
440 #0 - SERIES STATEMENT/ADDED ENTRY--TITLE
Title Concise college texts
500 ## - GENERAL NOTE
General note Includes indexes.
650 #0 - SUBJECT ADDED ENTRY--TOPICAL TERM
Topical term or geographic name entry element Procedure (Law)
Geographic subdivision Great Britain.
650 #0 - SUBJECT ADDED ENTRY--TOPICAL TERM
Topical term or geographic name entry element Law
Geographic subdivision Great Britain.
942 ## - ADDED ENTRY ELEMENTS (KOHA)
Source of classification or shelving scheme Library of Congress Classification
Koha item type Books
Suppress in OPAC No
999 ## -
-- 3920
-- 3920
Holdings
Withdrawn status Lost status Source of classification or shelving scheme Damaged status Not for loan Collection Home library Current library Shelving location Date acquired Total checkouts Full call number Barcode Date last seen Copy number Price effective from Koha item type
    Library of Congress Classification     Non-fiction Law Library (Christ Temple) Law Library (Christ Temple) General stacks 02/17/2025   KD7325.E32 EDD LLCT00000431 02/17/2025 1 02/17/2025 Books
© 2023-2024 Copyright: Central University Libraries. All Rights Reserved | Created by: Mahone Tech Office